[Event "Rocca Priora op 6th"]
[Site "Rocca Priora"]
[Date "2012.08.11"]
[Round "1"]
[White "Pescatore, Lorenzo"]
[Black "Meo, Enrico"]
[Result "1-0"]
[WhiteElo "2170"]
[BlackElo "1742"]
[PlyCount "45"]
[EventDate "2012.08.11"]
[EventType "swiss"]
[EventRounds "7"]
[EventCountry "ITA"]
[SourceTitle "EXT 2014"]
[Source "ChessBase"]
[SourceDate "2013.11.20"]
[SourceVersion "1"]
[SourceVersionDate "2013.11.20"]
[SourceQuality "1"]

1. e4 c6 2. d4 d5 3. exd5 cxd5 4. Bd3 Nc6 5. c3 Qc7 6. Nf3 Bg4 7. 0-0 Nf6 8. Bg5 e6 9. Nbd2 Bd6 10. Qa4 Nd7 11. Rfe1 h6 12. Bh4 g5 13. Bg3 Bxg3 14. fxg3 0-0-0 15. b4 Nb6 16. Qc2 h5 17. b5 Na5 18. Ne5 Nac4 19. h3 Nxd2 20. Qxd2 f6 21. Ng6 Bxh3 22. Nxh8 Rxh8 23. Qf2 1-0